000 01152nam a22003731i 4500
999 _c2007
_d2007
001 020060532
003 UkOxU
005 20230223100934.0
008 140915r20152013enka j 000|f|eng|d
015 _aGBB4C7541
_2bnb
016 7 _a016940649
_2Uk
020 _a9781784750121 (pbk.) :
035 _a(Uk)016940649
040 _aStDuBDS
_beng
_erda
_cStDuBDS
_dUk
_dKH8
042 _aukblsr
082 0 4 _a813.6 PAT
_223
100 1 _aPatterson, James,
_d1947-
_eauthor.
245 1 0 _aMy brother is a big, fat liar /
_cJames Patterson and Lisa Papademetriou ; illustrated by Neil Swaab.
264 1 _aLondon :
_bYoung Arrow,
_c2015.
300 _a275 pages :
_billustrations (black and white) ;
_c20 cm.
336 _atext
_2rdacontent
336 _astill image
_2rdacontent
337 _aunmediated
_2rdamedia
338 _avolume
_2rdacarrier
490 0 _aMiddle school
500 _aOriginally published: 2013.
500 _aFormerly CIP.
_5Uk
521 1 _a9+.
655 0 _aHumorous stories.
655 0 _aChildren's stories.
700 1 _aPapademetriou, Lisa,
_eauthor.
700 1 _aSwaab, Neil,
_eillustrator.
942 _2ddc
_cNFIC